Stratégie a potenciál flexibilnej integrácie v Európskej únii

Prehľad paralelného pôsobenia zásad prehlbovania integrácie, rozširovania integrácie a rozširovania členskej základne v ES/EÚ. Sprievodné javy integrácie v ES/EÚ ústiace do flexibilnej integrácie. Stratégia prehlbovania a rozširovania integrácie v Európskej únii. Prehľad prelínania členstva v integr...

Ausführliche Beschreibung

Gespeichert in:
Bibliographische Detailangaben
1. Verfasser: Báráňová-Čiderová, Denisa, 1977-
Format: Buchkapitel
Sprache:Slowakisch
Schlagworte:
Tags: Tag hinzufügen
Keine Tags, Fügen Sie das erste Tag hinzu!

MARC

LEADER 00000naa$a2200000$$$4500
001 0050483
005 20240502083132.3
041 0 |a slo 
044 |a CZ 
245 1 0 |a Stratégie a potenciál flexibilnej integrácie v Európskej únii  |c Denisa Báráňová-Čiderová 
520 |a Prehľad paralelného pôsobenia zásad prehlbovania integrácie, rozširovania integrácie a rozširovania členskej základne v ES/EÚ. Sprievodné javy integrácie v ES/EÚ ústiace do flexibilnej integrácie. Stratégia prehlbovania a rozširovania integrácie v Európskej únii. Prehľad prelínania členstva v integračných zoskupeniach či iných zoskupeniach v Európe a účasť jednotlivých európskych štátov v nich pred rozšírením EÚ v roku 2004. Prehľad zmluvných vzťahov vo vybraných integračných zoskupeniach v Európe a účasť jednotlivých európskych štátov po rozšírení EÚ v roku 2004. 
610 2 0 |a Európska únia 
610 2 0 |a Európske spoločenstvá 
610 2 0 |a zoskupenia integračné medzinárodné 
610 2 0 |a vzťahy zmluvné 
610 2 0 |a spolupráca hospodárska medzinárodná 
610 2 0 |a integrácia ekonomická medzinárodná 
100 1 |a Báráňová-Čiderová, Denisa, 1977-